| 000 | 01241cam a2200253 4500 | ||
|---|---|---|---|
| 001 | ABS66876 | ||
| 008 | 030808n2003 000 0 eng u | ||
| 035 | _a(Sirsi) u123245 | ||
| 100 | _aSaunders, A. | ||
| 245 | 4 | _aThe MT global salary survey | |
| 260 | _c2003 | ||
| 490 |
_aManagement Today _vJuly 2003, 45-49(5) |
||
| 520 | _aThe "Management Today" global salary survey looks at the wages for various areas around the world. Shows that the United States is still the favoured place for management wanting to earn good salaries but Australia also does well. Mentions that in the UK investors have been most flustrated by 'golden parachutes' whereby huge sums of money are given to some executives in the event of their contracts being terminated. However, Britain reports higher levels of job satisfaction than France and Germany. With tables of findings from the survey including time taken during the working week and job satisfaction. | ||
| 590 | _aABS | ||
| 650 | _aSALARY SURVEYS | ||
| 650 | _aSALARY INCREASES | ||
| 650 | _aJOB SATISFACTION | ||
| 650 | _aUNITED STATES | ||
| 650 | _aAUSTRALIA | ||
| 650 | _aMANAGEMENT | ||
| 650 | _aMT GLOBAL SALARY SURVEY | ||
| 690 | _aMANAGEMENT-BUSINESS MANAGEMENT | ||
| 942 | _n0 | ||
| 999 |
_c73197 _d73197 |
||